Pearl and Wagner two good friends / (Record no. 4764)

MARC details
000 -LEADER
fixed length control field 01006nam a22003137a 4500
001 - CONTROL NUMBER
control field 4764
003 - CONTROL NUMBER IDENTIFIER
control field FISKH
005 - DATE AND TIME OF LATEST TRANSACTION
control field 20250527105653.0
008 - FIXED-LENGTH DATA ELEMENTS--GENERAL INFORMATION
fixed length control field 241009b cb ||||| |||| 00| 0 eng d
020 ## - INTERNATIONAL STANDARD BOOK NUMBER
International Standard Book Number 9780448456904
040 ## - CATALOGING SOURCE
Original cataloging agency FISKH
Language of cataloging eng
Transcribing agency FISKH
Modifying agency FISKH
050 ## - LIBRARY OF CONGRESS CALL NUMBER
Classification number PZ7.M47879
082 ## - DEWEY DECIMAL CLASSIFICATION NUMBER
Classification number 196
100 ## - MAIN ENTRY--PERSONAL NAME
Personal name Mcmullan, Kate
Dates associated with a name (1947-)
245 ## - TITLE STATEMENT
Title Pearl and Wagner two good friends /
Statement of responsibility, etc. by Kate McMullan pictures by R. W. Alley
250 ## - EDITION STATEMENT
Edition statement Published in 2003
260 ## - PUBLICATION, DISTRIBUTION, ETC.
Place of publication, distribution, etc. New York :
Name of publisher, distributor, etc. Penguin Young Reader,
Date of publication, distribution, etc. 2003.
300 ## - PHYSICAL DESCRIPTION
Extent 48 pages :
Other physical details color illustrations ;
Dimensions 23 cm
490 ## - SERIES STATEMENT
Series statement Penguin young readers
Volume/sequential designation Transitional reader level 3
505 ## - FORMATTED CONTENTS NOTE
Formatted contents note J<br/>
520 ## - SUMMARY, ETC.
Summary, etc. Two mice, Pearl and Wagner, work together to build a robot for their science project.
521 8# - TARGET AUDIENCE NOTE
Target audience note 470<br/><br/>
Source Lexile<br/>
521 8# - TARGET AUDIENCE NOTE
Target audience note J<br/>
Source Raz-Plus<br/>
650 ## - SUBJECT ADDED ENTRY--TOPICAL TERM
Source of heading or term Friendship
Topical term or geographic name entry element Rabbits
650 ## - SUBJECT ADDED ENTRY--TOPICAL TERM
Source of heading or term Easy reader
Topical term or geographic name entry element Relationships - Friends
700 ## - ADDED ENTRY--PERSONAL NAME
Personal name Alley, R. W.
Dates associated with a name illustrator
942 ## - ADDED ENTRY ELEMENTS (KOHA)
Source of classification or shelving scheme Dewey Decimal Classification
Koha item type Books
Suppress in OPAC No
Holdings
Withdrawn status Lost status Source of classification or shelving scheme Damaged status Not for loan Collection Home library Current library Shelving location Date acquired Total Checkouts Full call number Barcode Date last seen Copy number Price effective from Koha item type
    Dewey Decimal Classification     Juvenile Fiction Footprints International School Library Network Toul Kork Campus Footprints International School Library Network Toul Kork Campus TK Primary Library Room(4th Floor), Bookcase 1&2, Shelves 1-16, Dark Blue Books 10/09/2024   MCM 196 PZ7.M47879 2024-2108 10/09/2024 1 10/09/2024 Books
    Dewey Decimal Classification     Juvenile Fiction Footprints International School Library Network Toul Tom Poung Campus Footprints International School Library Network Toul Tom Poung Campus TTP Primary Dark Blue Bookshelves 05/27/2025   MCM 196 PZ7.M47879 2025-1401 05/27/2025 2 05/27/2025 Books